000 01144nam0a22002891 4500
001 RU\NLR\INFOCOMM_17\5000677039
005 20250613101516.0
035 _a(NLR Aleph) 009381613
090 _a7986234
_c7986234
100 _a20101228d1982 |||y0rusy50 ca
101 1 _afre
102 _aRU
105 _aah ||||000|y
200 1 _aLe Grand Palais du Kremlin de Moscou
_e[Album
_fRéalisation et texte: G. Markova
_gPhot.: A. Alexandrov, E. Steinert
_gTrad. fr.: D. Dabbadie]
205 _a2-е изд.
210 _aL.
_cAurora
_d1982
215 _a33, [21] с., 86 л. ил., цв. ил.
_cил., факс., цв. ил.
_d24 см
300 _aВ вып. дан.: Большой Кремлевский дворец: Альбом
320 _aБиблиогр.: с. [21]
601 0 2 _aБольшой Кремлевский дворец
_cМосква
_xАрхитектура
_jАльбомы
_2PSBO
686 _aЩ113(2Р-Р)92Москва7Кремль
_2rubbk
702 1 _aMarkova
_bG. A.
_gGalina Anatol'evna
_4220
801 1 _aRU
_bNLR
_c20101228
801 0 _aRU
_bNLR
_gPSBO
852 _aNLR
_jЭ АлТ63/2-М821
942 _cBOOK
980 _aNB